Navegación Costera

Na minha lista:
Detalhes bibliográficos
Autor principal: Beriso, René (Author)
Formato: Livro
Idioma:espanhol
Publicado em: Valparaíso Escuela Naval Arturo Prat 1961
Assuntos:
Tags: Adicionar Tag
Sem tags, seja o primeiro a adicionar uma tag!

MARC

LEADER 00000nam a2200000 a 4500
001 UCV5314
003 CL-VaPUC
008 921209e19610000CL |||||||||||||||||spa|d
082 0 4 |a 623.89  |b BER  |2 21 
100 0 |a Beriso, René  |e author  |9 299636 
245 1 0 |a Navegación Costera 
300 |a 306 p 
942 |c BK 
945 |d 19921209 00:00:00  |a mfernand 
260 |a Valparaíso  |b Escuela Naval Arturo Prat  |c 1961 
650 7 |a NAVEGACION MANUALES  |2 CL-VaPUC  |9 261482 
583 |a last modification  |c 19921209 00:00:00  |k Rodrigo Vera 
999 |c 211871  |d 211869 
952 |0 0  |1 0  |2 ddc  |4 0  |6 623_890000000000000_BER_1961  |7 0  |8 CCM  |9 191880  |a BIBCUR  |b BIBCUR  |c PAC  |d 2019-11-14  |i 2594137  |o 623.89 BER 1961  |p 2594137  |r 2025-04-22  |w 2019-11-14  |y BK  |k CIM